[Event "Graz op"]
[Site "Graz"]
[Date "1994.??.??"]
[Round "4"]
[White "Lehner, Oliver"]
[Black "Waller, Helmut"]
[Result "1-0"]
[WhiteElo "2315"]
[BlackElo "2150"]

1.e4 c5 2.c3 Nf6 3.e5 Nd5 4.d4 cxd4 5.Nf3 Nc6 6.Bc4 e6 7.cxd4 d6 8.O-O Be7
9.Qe2 O-O 10.exd6 Bxd6 11.Nc3 Nxc3 12.bxc3 Qc7 13.Bd3 g6 14.Re1 Bd7 15.Rb1 Rac8
16.Bd2 Rfe8 17.Qe4 b6 18.Qh4 Qd8 19.Ng5 h5 20.g4 Ne7 21.Ne4 Bc6 22.Nf6+ Kg7
23.Nxe8+ Qxe8 24.gxh5 Qh8 25.h6+ Kh7 26.Bf4 Bxf4 27.Qxf4 Nf5 28.Bxf5 gxf5
29.Re3 Qf6 30.Rg3 Rg8 31.Rxg8 Kxg8 32.f3 Kh7 33.Kf2  1-0

[Event "Graz-ch"]
[Site "Graz"]
[Date "1994.??.??"]
[Round "7"]
[White "Zirngast, Erhard"]
[Black "Teuschler, A."]
[Result "1/2-1/2"]
[WhiteElo "1820"]
[BlackElo "1970"]

1.e4 c5 2.c3 Nf6 3.e5 Nd5 4.d4 cxd4 5.cxd4 e6 6.a3 Nc6 7.Nf3 Be7 8.Bc4 Nb6
9.Ba2 d5 10.exd6 Qxd6 11.Nc3 a6 12.O-O O-O 13.Qd3 Rd8 14.Be3 Nd7 15.Rac1 Nf6
16.h3  1/2-1/2

[Event "Graz-ch"]
[Site "Graz"]
[Date "1994.??.??"]
[Round "8"]
[White "Spindelboeck, Gernot"]
[Black "Egartner, Wolfgang"]
[Result "1/2-1/2"]
[WhiteElo "1980"]
[BlackElo "2120"]

1.e4 c5 2.c3 Nf6 3.e5 Nd5 4.d4 cxd4 5.Nf3 Nc6 6.Bc4 Nb6 7.Bb3 e6 8.O-O d6
9.cxd4 Be7 10.Nc3 O-O 11.Qe2 dxe5 12.dxe5 Nd7 13.Bf4 Qb6 14.Rac1 Nd4 15.Nxd4 Qxd4
16.Ne4 Nc5 17.Rc4 Qd3 18.Qg4 Nxe4 19.Bh6 Ng5 20.Bxg5 Bxg5 21.Qxg5 Qd8 22.Qxd8 Rxd8
23.Rd1 Rxd1+ 24.Bxd1 Bd7 25.Bf3 Rc8 26.Rxc8+  1/2-1/2

[Event "Groningen op"]
[Site "Groningen"]
[Date "1994.??.??"]
[Round "2"]
[White "Kuznetsova, Elena"]
[Black "Van Doeland, Julius H"]
[Result "1/2-1/2"]
[WhiteElo "2190"]
[BlackElo "2310"]

1.e4 c5 2.c3 Nf6 3.e5 Nd5 4.d4 cxd4 5.cxd4 e6 6.Nf3 d6 7.Bc4 Nb6 8.Bd3 Nc6
9.Nc3 Nb4 10.Bb1 h6 11.O-O Bd7 12.a3 N4d5 13.Ne4 Ba4 14.Qe2 a6 15.Bd3 Nd7
16.exd6 N7f6 17.Nc5 Bd7 18.Nxb7 Qb6 19.Nc5 Bxd6 20.Ne5 Bxe5 21.dxe5 Qxc5
22.exf6 Nxf6 23.Bxa6 O-O 24.Be3 Qd6 25.Bc4 Bc6 26.b4 Rfc8 27.b5 Be4 28.f3 Bd5
29.Bxd5 Nxd5 30.Bf2  1/2-1/2

[Event "Groningen op"]
[Site "Groningen"]
[Date "1994.??.??"]
[Round "10"]
[White "Sermek, Drazen"]
[Black "Kozul, Zdenko"]
[Result "1-0"]
[WhiteElo "2515"]
[BlackElo "2575"]

1.e4 c5 2.c3 Nf6 3.e5 Nd5 4.d4 cxd4 5.Nf3 e6 6.cxd4 b5 7.Nc3 Qa5 8.Bd2 b4
9.Nxd5 Qxd5 10.Rc1 Ba6 11.Bxa6 Nxa6 12.Qe2 Qb7 13.O-O Nc7 14.Rc4 Be7 15.Rfc1 Nd5
16.Bg5 h6 17.Bxe7 Kxe7 18.Nd2 Nf4 19.Qf1 f5 20.Rc7 Rhc8 21.Rxb7 Rxc1 22.Qxc1 Ne2+
23.Kf1 Nxc1 24.Rc7 Nd3 25.Nc4 g5 26.g3 Nc1 27.Na5 Nxa2 28.Nb3 a5 29.Nc5 Rd8
30.Ra7 b3 31.Rxa5 Nb4 32.Rb5 Nc6 33.Nxb3 Ra8 34.Rb7 Ra4 35.Rxd7+ Kxd7 36.Nc5+ Kc7
37.Nxa4 Nxd4 38.f4 g4 39.Kf2 Kc6 40.Ke3 Nb3 41.Kd3 Kb5 42.Nc3+ Kb4 43.Na2+ Kb5
44.Kc3 Nc5 45.Nc1 Ne4+ 46.Kd4 Nd2 47.Ne2 Nf3+ 48.Ke3 Kc4 49.h3 h5 50.h4 Ne1
51.b3+ Kd5 52.Nd4 Ng2+ 53.Kd3 Ne1+ 54.Kc3 Ng2 55.b4 Ne3 56.b5 Nd1+ 57.Kb4 Kxd4
58.b6 Ke3 59.b7 Kf3 60.b8=Q Kxg3 61.Qd6 Ne3 62.Qxe6 Kxf4 63.Qd6 g3 64.e6+ Kf3
65.e7 g2 66.Qc6+ Kg3 67.Qg6+  1-0

[Event "Hania op"]
[Site "Hania"]
[Date "1994.??.??"]
[Round "4"]
[White "Tzermiadianos, Andreas"]
[Black "Saltaev, Mihail"]
[Result "0-1"]
[WhiteElo "2395"]
[BlackElo "2485"]

1.e4 c5 2.c3 Nf6 3.e5 Nd5 4.d4 cxd4 5.Nf3 e6 6.cxd4 d6 7.Bc4 Nc6 8.O-O Be7
9.Qe2 O-O 10.Nc3 Nxc3 11.bxc3 dxe5 12.dxe5 Qa5 13.Bd2 Rd8 14.Rfe1 Bd7 15.h4 Be8
16.Qe4 Rac8 17.Qg4 Kh8 18.Bb3 Qc7 19.Bg5 Rd3 20.Rac1 Na5 21.Bc2 Rxc3 22.Bxe7 Qxe7
23.Qe4 g6 24.Qe2 Ba4 25.Qd2 Bxc2 26.Re3 R3c5 27.Ra3 Nc4 28.Qh6 Nxe5  0-1

[Event "EU-ch U18"]
[Site "Hania"]
[Date "1994.??.??"]
[Round "4"]
[White "Zifroni, Dov"]
[Black "Hedman, Erik"]
[Result "1/2-1/2"]
[WhiteElo "2370"]
[BlackElo "2275"]

1.e4 c5 2.c3 Nf6 3.e5 Nd5 4.Nf3 e6 5.d4 cxd4 6.cxd4 d6 7.Bc4 Nb6 8.Bd3 Bd7
9.Nc3 Bc6 10.O-O Be7 11.Re1 N8d7 12.Bf4 dxe5 13.Nxe5 Nxe5 14.Bxe5 Nd7 15.Bxg7 Rg8
16.d5 Rxg7 17.dxc6 bxc6 18.Be4 Rc8 19.Qd4 Kf8 20.Qxa7 Nb6 21.Rad1 Nd5 22.Qa4 Qb6
23.Qc2 Rb8 24.Na4 Qa6 25.b3 Kg8 26.Rd4 Rb4 27.Rc4 Rxc4 28.Qxc4 Qxc4 29.bxc4 Nb4
30.a3 Na6 31.Bxc6 Bxa3 32.Ra1 Be7 33.Bb7 Nc5 34.Nxc5 Bxc5 35.Ra8+ Bf8 36.c5 Rg5
37.c6 Rc5 38.g3 Kg7 39.Rd8 Rc1+ 40.Kg2 Bb4 41.Ra8 Bd6 42.Kf3 Rc2 43.h4 Bc7
44.Ra1 Bb6 45.Rf1 f5 46.Kg2 Kf6 47.Kh3 Bxf2 48.Rxf2 Rxf2 49.c7 Rc2 50.c8=Q Rxc8
51.Bxc8 h5  1/2-1/2

[Event "EU-ch U16 Girls"]
[Site "Herculane"]
[Date "1994.??.??"]
[Round "2"]
[White "Vajda, Szidonia"]
[Black "Werner, Isabel"]
[Result "1-0"]
[WhiteElo "2155"]
[BlackElo "2210"]

1.e4 c5 2.c3 Nf6 3.e5 Nd5 4.d4 cxd4 5.Nf3 e6 6.cxd4 d6 7.a3 Bd7 8.Bd3 Bc6
9.O-O Nd7 10.Qe2 Be7 11.Bd2 dxe5 12.dxe5 Nc5 13.Bc2 Qd7 14.Nd4 Nf4 15.Bxf4 Qxd4
16.Bc1 Qd5 17.f4 Nb3 18.Nc3 Bc5+ 19.Kh1 Nxc1 20.Raxc1 Qd7 21.Be4 O-O 22.Bxc6 bxc6
23.Ne4 Be7 24.Rfd1 Qc7 25.Rc3 Rab8 26.Qc2 Rb6 27.b4 Rfb8 28.Rc1 a5 29.bxa5 Rb2
30.Qa4 Qd7 31.a6 Ra2 32.Rd1 Qe8 33.a7 Ra8 34.Nd6 Bxd6 35.exd6 Qd7 36.Qxc6 Qxc6
37.Rxc6 Kf8  1-0

[Event "EU-ch U16"]
[Site "Herculane"]
[Date "1994.??.??"]
[Round "3"]
[White "Florean, Andrei"]
[Black "Pergel, Laszlo"]
[Result "1-0"]
[WhiteElo "2220"]
[BlackElo "2030"]

1.e4 c5 2.c3 Nf6 3.e5 Nd5 4.d4 cxd4 5.Nf3 e6 6.cxd4 d6 7.a3 Bd7 8.Bd3 Bc6
9.O-O Nd7 10.Qe2 Qc7 11.b4 a6 12.Bd2 dxe5 13.dxe5 g6 14.Re1 Rc8 15.Ra2 Qb8
16.Rc2 b5 17.Nd4 Bb7 18.Rxc8+ Qxc8 19.f4 Bh6 20.Qf2 O-O 21.Nb3 Rd8 22.Na5 N7b6
23.Nxb7 Qxb7 24.Qh4 Ne7 25.Be4 Qa7 26.Be3 Bf8 27.Qf2 Rb8 28.Rc1 Nec8 29.Nd2 Qd7
30.Bd4 Nd5 31.Nb3 Ncb6 32.Nc5 Bxc5 33.Bxc5 Na4 34.Bd6 Rc8 35.Rxc8+ Qxc8 36.Qd2 Qc4
37.Bxd5 exd5 38.f5 d4 39.Qh6  1-0

[Event "EU-ch U16 Girls"]
[Site "Herculane"]
[Date "1994.??.??"]
[Round "9"]
[White "Vajda, Szidonia"]
[Black "Peptan, Corina"]
[Result "0-1"]
[WhiteElo "2155"]
[BlackElo "2265"]

1.e4 c5 2.c3 Nf6 3.e5 Nd5 4.d4 cxd4 5.Nf3 Nc6 6.Bc4 e6 7.cxd4 d6 8.O-O Be7
9.Re1 O-O 10.Nc3 Nxc3 11.bxc3 dxe5 12.Nxe5 Nxe5 13.Rxe5 Bf6 14.Re1 Qc7 15.Qe2 b6
16.Bd2 Bb7 17.Bd3 Rac8 18.Rac1 Rfd8 19.Qg4 g6 20.Bf4 Qd7 21.h4 Bg7 22.h5 Bd5
23.hxg6 hxg6 24.a3 Qa4 25.Bd2 e5 26.Qe2 exd4 27.cxd4 Bxd4 28.Bb4 Rxc1 29.Rxc1 Qd7
30.Bb5 Qe6 31.Rc7 a5 32.Be7 Rc8 33.Rxc8+ Qxc8 34.Qd1 Qc3 35.Qe2 Qc1+ 36.Kh2 Qf4+
37.Kg1 Be5 38.g3 Qh6 39.Bh4 Qc1+ 40.Qf1 Qxa3 41.Be2 Qc5 42.Qb1 a4  0-1

[Event "HUN-chT 9394"]
[Site "?"]
[Date "1994.??.??"]
[Round "?"]
[White "Sziva, Erika"]
[Black "Rigo, Janos"]
[Result "1/2-1/2"]
[WhiteElo "2250"]
[BlackElo "2340"]

1.e4 c5 2.c3 Nf6 3.e5 Nd5 4.d4 cxd4 5.Nf3 Qc7 6.cxd4 b6 7.Bd2 Ba6 8.Bxa6 Nxa6
9.O-O e6 10.Qa4 Qb7 11.Nc3 Nac7 12.Rac1 Be7 13.Bg5 f6 14.Bh4 Nxc3 15.bxc3 Nd5
16.c4 Nf4 17.Qd1 O-O 18.exf6 Bxf6 19.Bg3 Be7 20.Bxf4 Rxf4 21.Ne5 Raf8 22.g3 R4f5
23.Qe2 g5 24.d5 Ba3 25.Rc3 Bb2 26.Qxb2 Rxe5 27.Rf3 Ref5 28.Rxf5 Rxf5 29.dxe6  1/2-1/2

[Event "HUN-chT 9394"]
[Site "?"]
[Date "1994.??.??"]
[Round "?"]
[White "Tegzes, Laszlo"]
[Black "Farago, Sandor"]
[Result "0-1"]
[WhiteElo "2420"]
[BlackElo "2390"]

1.e4 c5 2.c3 Nf6 3.e5 Nd5 4.d4 cxd4 5.Nf3 e6 6.cxd4 Be7 7.Nc3 Nxc3 8.bxc3 b6
9.Bd3 Bb7 10.O-O O-O 11.Qe2 d5 12.exd6 Qxd6 13.Bg5 Nd7 14.Qe3 Bxg5 15.Nxg5 Nf6
16.f4 h6 17.Ne4 Nxe4 18.Bxe4 Bxe4 19.Qxe4 Rac8 20.Rf3 Rc4 21.Re1 Qa3 22.Ree3 Qxa2
23.Rg3 Ra4 24.Qe5 g6 25.Qe4 Kh7 26.Rh3 Ra5 27.g4 Kg7 28.Rhg3 Qd5 29.Qxd5 Rxd5
30.Re2 Rc8 31.Ra2 a5 32.Kf2 g5 33.fxg5 hxg5 34.Ke2 Ra8 35.Kd3 b5 36.Re3 a4
37.Ra3 Kf6 38.Rf3+ Kg6 39.Re3 Ra6 40.Re2 Rad6 41.Rb2 e5 42.Rb4 exd4 43.cxd4 f5
44.Ra1 fxg4 45.Rg1 Kh5 46.Ke4 Kh4 47.Rgb1 Kh3 48.R1b2 Rd8 49.Rc2 R5d7 50.Rc3+ Kh4
51.Rc6 Kh5 52.Rc5 a3 53.Rcxb5 Ra7 54.Rb7 Raa8 55.Rh7+ Kg6 56.Rhb7 Re8+  0-1

[Event "HUN-chT 9394"]
[Site "?"]
[Date "1994.??.??"]
[Round "?"]
[White "Rajcsanyi, Zita"]
[Black "Csonkics, Tunde"]
[Result "1/2-1/2"]
[WhiteElo "2260"]
[BlackElo "2325"]

1.e4 c5 2.c3 Nf6 3.e5 Nd5 4.d4 cxd4 5.Nf3 e6 6.cxd4 d6 7.a3 Bd7 8.Bd3 Bc6
9.O-O Nd7 10.Re1 Qc7 11.Bd2 Be7 12.Nc3 Nxc3 13.Bxc3 dxe5 14.dxe5 Nc5 15.Bc2 Rd8
16.Nd4 a6 17.Qg4 g6 18.Nxc6 Qxc6 19.Rac1 O-O 20.Bb4 Qb6 21.a4 Nd3 22.Bxd3 Bxb4
23.Red1 Rd5 24.Qe2 Qa5 25.Be4 Rxe5 26.Qf3 Qxa4 27.Bxb7 a5 28.h3 Qa2 29.Rc2 Rf5
30.Qe3 Qa4 31.Rdc1 Bd6 32.Qe4 Qxe4 33.Bxe4 Rb5 34.Bc6 Rb6 35.Ba4 Rfb8 36.Rc6 Kg7
37.b3 Bb4 38.Rc7 Rd8 39.R7c6 Rxc6 40.Rxc6 Rd2 41.Rc7 Kg8 42.g3 Rd5 43.Rc2 h5
44.Kg2 Kg7 45.Be8 Rd8 46.Bb5 g5 47.Bc4 Kg6 48.Re2 Rd4 49.Re3 Kf6 50.Rd3 Re4
51.Re3 Ke5 52.Kf3 g4+ 53.hxg4 hxg4+ 54.Ke2 Kd4 55.Rxe4+ Kxe4 56.Bb5 Bd6 57.Bd7 Kd4
58.Be8 f5 59.Bd7 Ke4 60.Bxe6  1/2-1/2

[Event "HUN-chT2 9394"]
[Site "?"]
[Date "1994.??.??"]
[Round "?"]
[White "Bogar, Attila"]
[Black "Korpics, Zsolt"]
[Result "1-0"]
[WhiteElo "2295"]
[BlackElo "2295"]

1.e4 c5 2.c3 Nf6 3.e5 Nd5 4.d4 cxd4 5.Nf3 e6 6.cxd4 b6 7.Bd3 Bb4+ 8.Bd2 Bxd2+
9.Qxd2 Ba6 10.O-O O-O 11.Nc3 Bxd3 12.Qxd3 Nxc3 13.Qxc3 Nc6 14.Rfd1 Ne7 15.Rac1 Nd5
16.Qd2 f6 17.exf6 Qxf6 18.Ne5 Rad8 19.Ng4 Qg6 20.Ne3 Qe4 21.Nxd5 Qxd5 22.a3 Rc8
23.Rc3 Rc6 24.f4 Rfc8 25.Rdc1 Rxc3 26.Rxc3 Rxc3 27.bxc3 Qb3 28.Qc1 b5 29.Kf2 Kf7
30.Ke3 a5 31.Kf2 Qa2+ 32.Kf3 Qd5+ 33.Kf2 Qb3 34.h3 g6 35.g4 Qa2+ 36.Kg3 Qe2
37.Qb1 Qe3+ 38.Kg2 Qd2+ 39.Kh1 Qxc3 40.Qxb5 Qxh3+ 41.Kg1 Qxg4+ 42.Kh1 Qf3+
43.Kg1 Qd5 44.Qd3 a4  1-0

[Event "HUN-chT2 9394"]
[Site "?"]
[Date "1994.??.??"]
[Round "?"]
[White "Fodre, Sandor"]
[Black "Ruck, Robert"]
[Result "1-0"]
[WhiteElo "2260"]
[BlackElo "2420"]

1.e4 c5 2.c3 Nf6 3.e5 Nd5 4.d4 cxd4 5.cxd4 e6 6.Nf3 d6 7.Bc4 Nb6 8.Bb3 Bd7
9.O-O Bc6 10.Nc3 Be7 11.Qe2 Bxf3 12.Qxf3 Nc6 13.Qg3 g6 14.Rd1 d5 15.Bh6 Na5
16.Rac1 a6 17.Rd3 Nxb3 18.axb3 g5 19.Qh3 Rg8 20.Rg3 Rg6 21.f4 gxf4 22.Bxf4 Nd7
23.Qxh7 Nf8 24.Qh5 Qb6 25.Qd1 Rxg3 26.Bxg3 Bg5 27.Na4 Qb4 28.Rc3 Ng6 29.Be1 Nf4
30.Kf2 Rd8 31.Rc5 Qxe1+ 32.Kxe1  1-0

[Event "HUN-chT2 9394"]
[Site "?"]
[Date "1994.??.??"]
[Round "?"]
[White "Gal, Mariann"]
[Black "Palko, Gabriella"]
[Result "0-1"]
[WhiteElo "2115"]
[BlackElo "2055"]

1.e4 c5 2.c3 Nf6 3.e5 Nd5 4.d4 cxd4 5.Qxd4 e6 6.Nf3 Nc6 7.Qe4 Qc7 8.Bc4 Nde7
9.Bb5 Ng6 10.Bxc6 dxc6 11.Nbd2 Be7 12.O-O O-O 13.Re1 b6 14.b3 Bb7 15.Bb2 Rad8
16.c4 Bb4 17.Re2 c5 18.Qg4 Bxd2 19.Nxd2 Rd3 20.Ne4 Bxe4 21.Qxe4 Rfd8 22.Rae1 R8d7
23.Qg4 Qd8 24.g3 Ne7 25.Bc1 Nf5 26.Bg5 Qf8 27.h4 h6 28.Be3 Qd8 29.Qh3 Nxe3
30.fxe3 Qc7 31.Qg2 Qxe5 32.Qf3 Rd2 33.Kh2 Qb2 34.Kh3 Qxa2 35.e4 Qc2 36.Rxd2 Qxd2
37.Re2 Qd4 38.Ra2 Qe5 39.Rf2 a5 40.Ra2 Rd4 41.Rf2 f6 42.Re2 a4  0-1

[Event "HUN-chT2 9394"]
[Site "?"]
[Date "1994.??.??"]
[Round "?"]
[White "Bogar, Attila"]
[Black "Kocsis, Gyorgy"]
[Result "1/2-1/2"]
[WhiteElo "2295"]
[BlackElo "2285"]

1.e4 c5 2.c3 Nf6 3.e5 Nd5 4.d4 cxd4 5.Nf3 Nc6 6.cxd4 d6 7.Bc4 Nb6 8.Bb5 dxe5
9.Nxe5 Bd7 10.Bxc6 Bxc6 11.Nxc6 bxc6 12.O-O Qd6 13.Qf3 Nd5 14.Nc3 e6 15.Nxd5 Qxd5  1/2-1/2

[Event "HUN-chT2 9394"]
[Site "?"]
[Date "1994.??.??"]
[Round "?"]
[White "Ladanyi, Tibor"]
[Black "Arato, Bela"]
[Result "1-0"]
[WhiteElo "2125"]
[BlackElo "2080"]

1.e4 c5 2.c3 Nf6 3.e5 Nd5 4.d4 cxd4 5.Nf3 Nc6 6.cxd4 d6 7.exd6 e6 8.Bc4 Bxd6
9.O-O O-O 10.Re1 Qc7 11.Bxd5 exd5 12.Nc3 Be6 13.h3 h6 14.Nb5 Qb8 15.Nxd6 Qxd6
16.Ne5 Rac8 17.a3 Na5 18.Qd3 Qb6 19.b4 Nc4 20.Be3 Rfd8 21.Rec1 a6 22.g4 Qc7
23.Bf4 Qe7 24.Kg2 Rf8 25.Re1 g5 26.Bg3 b5 27.Re2 Rfe8 28.Rae1 Qf8 29.Qb3 f5
30.Nd3 Bf7 31.Be5 fxg4 32.hxg4 Bg6 33.Nc5 Qf7 34.Qg3 Ra8 35.Rh1 Qf8 36.Qh3 Nxe5
37.dxe5 Kh7 38.Nd7 Qg7 39.Nf6+ Kh8 40.Nxe8 Rxe8 41.Qxh6+ Qxh6 42.Rxh6+ Kg7
43.Rh3 Be4+ 44.f3 Bd3 45.Rd2 Bc4 46.Kf2 Rxe5 47.Rh5 d4 48.f4 Re3 49.Rxg5+ Kf6
50.Rxd4 Rxa3 51.Rd6+ Ke7 52.Rb6 Ra2+ 53.Kg3  1-0

[Event "HUN-chT2 9394"]
[Site "?"]
[Date "1994.??.??"]
[Round "?"]
[White "Horvath, Miklos"]
[Black "Torok, Jozsef"]
[Result "1/2-1/2"]
[WhiteElo "2275"]
[BlackElo "2290"]

1.e4 c5 2.c3 Nf6 3.e5 Nd5 4.d4 cxd4 5.Qxd4 e6 6.Nf3 Nc6 7.Qe4 f5 8.exf6 Nxf6
9.Qh4 Be7 10.Bd3 O-O 11.Bg5 Rf7 12.Nbd2 d5 13.Nd4 h6 14.Nxc6 bxc6 15.Be3  1/2-1/2

[Event "HUN-chT2 9394"]
[Site "?"]
[Date "1994.??.??"]
[Round "?"]
[White "Horvath, Miklos"]
[Black "Nagy, Robert"]
[Result "1/2-1/2"]
[WhiteElo "2275"]
[BlackElo "2215"]

1.e4 c5 2.c3 Nf6 3.e5 Nd5 4.d4 e6 5.Nf3 d6 6.dxc5 dxe5 7.Nxe5 Bxc5 8.Bb5+ Nd7
9.O-O O-O 10.Nxd7 Bxd7 11.Bxd7 Qxd7  1/2-1/2

[Event "ISL-ch"]
[Site "ISL"]
[Date "1994.??.??"]
[Round "6"]
[White "Hjartarson, Johann"]
[Black "Olafsson, Helgi"]
[Result "1-0"]
[WhiteElo "2595"]
[BlackElo "2535"]

1.e4 c5 2.c3 Nf6 3.e5 Nd5 4.Nf3 Nc6 5.Bc4 Nb6 6.Be2 d6 7.exd6 e5 8.d3 Bxd6
9.O-O O-O 10.a4 Nd5 11.Na3 b6 12.Re1 Re8 13.Qb3 Bf8 14.Ng5 Na5 15.Qa2 h6
16.Bf3 Bb7 17.Ne4 Nc7 18.Rd1 Bd5 19.Nc4 Rb8 20.Be3 Nc6 21.Ned2 Qd7 22.Bxd5 Nxd5
23.Nf3 a6 24.Re1 b5 25.axb5 axb5 26.Ncd2 Nc7 27.Ne4 Ne6 28.Rad1 Ra8 29.Qb3 Na5
30.Qc2 Nc6 31.Bc1 Nc7 32.Be3 Ne6 33.Bc1 Nc7 34.h3 f5 35.Ng3 Qf7 36.d4 e4
37.Nh4 Ne7 38.dxc5 g5 39.Rd7 gxh4 40.Nxe4 fxe4 41.Rxc7 Qf5 42.Rxe4 Ng6 43.Qb3+ Kh8
44.Rxe8 Rxe8 45.Be3 Rxe3 46.fxe3 Bxc5 47.Qd1 Bxe3+ 48.Kh1 Nf8 49.b4 Qe5 50.Rf7 Qe8
51.Qf3 Kg8 52.Rxf8+ Qxf8 53.Qxe3 Qf1+ 54.Kh2 Qf6 55.Kg1 Qa6 56.Qe8+ Kg7 57.Qe7+ Kg6
58.Qxh4 Qa1+ 59.Kh2 Qc1 60.Qe4+ Kg7 61.Qe5+ Kg6 62.Kg3 Kh7 63.h4 Kg6 64.Qe4+ Kg7
65.Qd3 Kf6 66.Kf3 Kg7 67.g3 Kf6 68.Ke4 Ke6 69.Qe3 Qc2+ 70.Kd4+ Kd7 71.Qd3 Qf2+
72.Ke5+ Ke7 73.Qd6+ Kf7 74.Qe6+ Kg7 75.Qg4+ Kh8 76.Qf4 Qe2+ 77.Kd6 Kg8 78.Qe5 Qf1
79.h5 Qc1 80.Kc6  1-0

[Event "Isla Guitart op"]
[Site "Isla Guitart "]
[Date "1994.??.??"]
[Round "?"]
[White "Hernandez, Angel C"]
[Black "Blanco Fernandez, Alvaro"]
[Result "1-0"]
[WhiteElo "2325"]
[BlackElo "2345"]

1.e4 c5 2.c3 Nf6 3.e5 Nd5 4.d4 cxd4 5.cxd4 Nc6 6.Nc3 e6 7.Nf3 d6 8.Bc4 Nxc3
9.bxc3 dxe5 10.dxe5 Qa5 11.Qb3 Nxe5 12.Nxe5 Qxe5+ 13.Be3 Bd7 14.O-O Bc6 15.Rfe1 Bd6
16.f4 Qe4 17.Bf1 O-O 18.Rad1 Ba4 19.Qb1 Bc2 20.Bd3 Qxe3+ 21.Rxe3 Bxb1  1-0

[Event "Isle of Man op"]
[Site "Isle of Man"]
[Date "1994.??.??"]
[Round "1"]
[White "Lalic, Susan"]
[Black "Stohl, Igor"]
[Result "0-1"]
[WhiteElo "2375"]
[BlackElo "2560"]

1.e4 c5 2.c3 Nf6 3.e5 Nd5 4.d4 cxd4 5.Nf3 e6 6.cxd4 b6 7.Nc3 Nxc3 8.bxc3 Qc7
9.Bd2 d6 10.Bd3 Nd7 11.O-O dxe5 12.dxe5 Bb7 13.Re1 g6 14.Bf4 Bg7 15.Nd4 O-O
16.Nb5 Qc6 17.Be4 Qxb5 18.Bxb7 Rab8 19.a4 Qc4 20.Qf3 Qc5 21.Qc6 Qe7 22.Ba6 Rfd8
23.Qc7 Qc5 24.Qxa7 Bxe5 25.Be3 Qa5 26.Rad1 Qxa4 27.Bg5 f6 28.Bh6 Ra8 29.Qb7 Rxa6
30.Rxd7 Qxd7 31.Qxa6 Bxc3 32.Rf1 b5 33.g3 g5 34.Kg2 Kf7 35.Qa2 Qd5+  0-1

[Event "Isle of Man op"]
[Site "Isle of Man"]
[Date "1994.??.??"]
[Round "7"]
[White "Lalic, Susan"]
[Black "Sakhatova, Elvira"]
[Result "1/2-1/2"]
[WhiteElo "2375"]
[BlackElo "2300"]

1.e4 c5 2.c3 Nf6 3.e5 Nd5 4.d4 cxd4 5.Nf3 Nc6 6.Bc4 Nb6 7.Bb3 d5 8.exd6 Qxd6
9.Na3 dxc3 10.Qxd6 exd6 11.Nb5 Rb8 12.bxc3 a6 13.Nc7+ Kd8 14.Nd5 Nxd5 15.Bxd5 Be6
16.Bg5+ Kc7 17.O-O-O Bxd5 18.Rxd5 Be7 19.Rhd1 Rbd8 20.Bf4 b5 21.Nd4 Nxd4
22.R1xd4 Kc6 23.a4 Rd7 24.Kc2 Rhd8 25.axb5+ axb5 26.Kb3 Bf6 27.Rd3 Be5 28.Be3 h6
29.h4 Bf6 30.h5 Re8 31.Bf4 Re6 32.f3 Bd8 33.Kb4 Bb6 34.g4 Bc5+ 35.Kb3 Re2
36.Rd2 Rde7 37.Rxe2 Rxe2 38.Rf5 f6 39.Bc1 Re5 40.Rxe5 fxe5 41.c4 bxc4+ 42.Kxc4 d5+
43.Kd3 Be7 44.Bb2 Bf6 45.Ba3 Kd7 46.Bc1 Ke6 47.Bd2 Bg5 48.Ba5 Kf7 49.Bc7 Bf4
50.Ba5 g5 51.hxg6+ Kxg6 52.Bd8 Bg5 53.Bc7 Bf6 54.Ba5 Bh4 55.Bc7 Bg3 56.Bd8 Bf4
57.Ba5 Kf7 58.Bd8 Ke6 59.Ba5 Kd7 60.Bb4 Kc6 61.Be7 Kb5 62.Bf8 Ka4 63.Kc3 Bg5
64.Bg7 Bf4 65.Bf8 Kb5  1/2-1/2

[Event "ITA-chT"]
[Site "Italy"]
[Date "1994.??.??"]
[Round "?"]
[White "Agnello, Giuseppe"]
[Black "Ciampi, Vincenzo"]
[Result "1-0"]
[WhiteElo "2195"]
[BlackElo "2180"]

1.e4 c5 2.c3 Nf6 3.e5 Nd5 4.d4 cxd4 5.cxd4 e6 6.Nc3 Nxc3 7.bxc3 Qc7 8.Bd2 d6
9.Nf3 Nd7 10.exd6 Bxd6 11.Bd3 O-O 12.O-O b6 13.Qc2 h6 14.Rfe1 Bb7 15.Qc1 Nf6  1-0

[Event "JUG-chT2"]
[Site "?"]
[Date "1994.??.??"]
[Round "1"]
[White "Petronijevic, Zoran"]
[Black "Kunovac, Daniel"]
[Result "1-0"]
[WhiteElo "2345"]
[BlackElo "2235"]

1.e4 c5 2.c3 Nf6 3.e5 Nd5 4.d4 cxd4 5.Nf3 Nc6 6.Bc4 Nb6 7.Bb3 d6 8.exd6 Qxd6
9.O-O Be6 10.Na3 Bxb3 11.Qxb3 Qd5 12.Nb5 Rc8 13.Nfxd4 Nxd4 14.Nxd4 e6 15.Be3 Bc5
16.Qb5+ Qd7 17.Rad1 Nd5 18.Qxd7+ Kxd7 19.Nf5 g6 20.Bxc5 Rxc5 21.Ne3 Ke7 22.Nxd5+ Rxd5
23.Rxd5 exd5 24.Rd1 Ke6 25.Kf1 Rb8 26.Ke2 b5 27.Rd4 Kd6 28.Kd2 Re8 29.Rd3 Kc5
30.b3 Re6 31.Rf3 f6 32.Kd3 a5 33.a3 f5 34.b4+ axb4 35.axb4+ Kd6 36.Re3 Re4
37.Rxe4 dxe4+ 38.Kd4 Ke6 39.h4 h6 40.c4 bxc4 41.Kxc4 Ke5 42.b5 f4 43.b6 Kd6
44.Kd4 f3 45.g4 Kc6 46.Kxe4 Kxb6 47.Kxf3 Kc5 48.Ke4 Kd6 49.h5 Ke6 50.hxg6 Kf6
51.g7 Kxg7 52.Kf5 Kf7 53.f4 Kg7 54.Ke6  1-0

[Event "JUG-chT2"]
[Site "?"]
[Date "1994.??.??"]
[Round "2"]
[White "Skoko, Mirko"]
[Black "Savanovic, Aleksandar"]
[Result "1/2-1/2"]
[WhiteElo "2250"]
[BlackElo "2335"]

1.e4 c5 2.c3 Nf6 3.e5 Nd5 4.d4 cxd4 5.Nf3 Nc6 6.Bc4 Nb6 7.Bb3 d5 8.exd6 Qxd6
9.O-O Be6 10.Bxe6 Qxe6 11.Nxd4 Nxd4 12.Qxd4 Rd8 13.Qe3 Qxe3 14.Bxe3 Nc4 15.Bxa7 Nxb2
16.Na3 e5 17.Nc2 Rd2 18.Ne3 Ba3 19.Rfb1 O-O 20.Nf1 Rd3 21.Be3 Rxc3 22.Bc1 Nc4
23.Bxa3 Rxa3 24.Rxb7 f6 25.Rc1 Ra4 26.h3 Rf7 27.Rb8+  1/2-1/2

[Event "JUG-chT2"]
[Site "?"]
[Date "1994.??.??"]
[Round "3"]
[White "Markovic, V."]
[Black "Cabarkapa, Velibor"]
[Result "0-1"]
[WhiteElo "2305"]
[BlackElo "2285"]

1.e4 c5 2.c3 Nf6 3.e5 Nd5 4.g3 b6 5.Bg2 Bb7 6.Nf3 e6 7.Qe2 d6 8.exd6 Bxd6
9.d3 O-O 10.Na3 Nc6 11.O-O Be7 12.Bd2 Bf6 13.Nc4 Qc7 14.a4 Rad8 15.Bg5 h6
16.Bxf6 Nxf6 17.Nfe5 Nxe5 18.Nxe5 Bxg2 19.Kxg2 Rd5 20.f4 Rfd8 21.Rf3 Nd7
22.Nc4 Nb8 23.Re3 Nc6 24.Rd1 Qd7 25.b3 Qb7 26.Kg1 a6 27.Ne5 b5 28.axb5 axb5
29.Ra1 Ne7 30.Nf3 Nf5 31.Re4 Rxd3 32.g4 Nd6 33.Qxd3 Qxe4 34.Qxe4 Nxe4 35.b4 Nxc3
36.bxc5 Rc8 37.Ne5 Rxc5 38.Ra8+ Kh7 39.Nxf7 Ne2+ 40.Kf1 Nxf4 41.Rb8 Kg6 42.Nd6 Rg5
43.Nxb5 Rxg4 44.Rf8 Nd5 45.Re8 Kf6 46.Kf2 g5 47.Na7 Nf4 48.Nc6 Rg2+ 49.Kf3 Rxh2
50.Rf8+ Kg7 51.Re8 Rc2 52.Nd4 Rc4 53.Nb5 Rc5 54.Nd6 h5 55.Ne4 Rf5 56.Nxg5 Ng6+
57.Ke4 Rxg5 58.Rxe6 h4 59.Ra6 Kh6 60.Kf3 h3 61.Ra1 h2 62.Rh1 Nh4+ 63.Kf4 Rg2  0-1

[Event "JUG-chT2"]
[Site "?"]
[Date "1994.??.??"]
[Round "8"]
[White "Pihajlic, Amalija"]
[Black "Savova, Stefka"]
[Result "1/2-1/2"]
[WhiteElo "2115"]
[BlackElo "2205"]

1.e4 c5 2.c3 Nf6 3.e5 Nd5 4.d4 cxd4 5.cxd4 e6 6.Nf3 d6 7.Bc4 Bd7 8.O-O Bc6
9.Qe2 Nd7 10.Bd2 Rc8 11.Nc3 Nxc3  1/2-1/2

[Event "Heart of Finland op 4th"]
[Site "Jyvaskyla"]
[Date "1994.??.??"]
[Round "?"]
[White "Vorotnikov, Vladislav V"]
[Black "Haapasalo, Jukka Pekka"]
[Result "1-0"]
[WhiteElo "2465"]
[BlackElo "2230"]

1.e4 c5 2.c3 Nf6 3.e5 Nd5 4.Nf3 e6 5.g3 d6 6.exd6 Bxd6 7.d4 O-O 8.Bg2 Nc6
9.O-O cxd4 10.Nxd4 Nde7 11.Nxc6 Nxc6 12.Nd2 Bc7 13.Ne4 Rb8 14.Qh5 f5 15.Rd1 Qe8
16.Qxe8 Rxe8 17.Nc5 Kf7 18.Be3 Rd8 19.b4 Kf6 20.a4 Be5 21.Rxd8 Nxd8 22.Nd3 Bc7
23.Bxa7 Ra8 24.Be3 Bd7 25.Nc5 Be8 26.a5 Be5 27.Ra3 Rb8 28.f4 Bd6 29.Nxb7 Nxb7
30.a6  1-0

[Event "Heart of Finland op 4th"]
[Site "Jyvaskyla"]
[Date "1994.??.??"]
[Round "?"]
[White "Nouro, Mikael"]
[Black "Shneider, Aleksandr"]
[Result "0-1"]
[WhiteElo "2275"]
[BlackElo "2535"]

1.e4 c5 2.c3 Nf6 3.e5 Nd5 4.d4 cxd4 5.Nf3 Nc6 6.Bc4 Nb6 7.Bb3 d6 8.exd6 Qxd6
9.O-O Be6 10.Bxe6 Qxe6 11.Nxd4 Nxd4 12.Qxd4 Qd7 13.Be3 Qxd4 14.Bxd4 Nd7 15.Nd2 e5
16.Rfe1 f6 17.Rad1 Be7 18.Be3 O-O-O 19.Ne4 Kc7 20.Kf1 Kc6 21.Ke2 h6 22.g4 h5
23.h3 hxg4 24.hxg4 Rh4 25.Rg1 b6 26.Rd2 Nf8 27.Rxd8 Bxd8 28.Kf3 Be7 29.Rd1 g6
30.Ng3 Ne6 31.Rd2 Rh8 32.Rd1 Rf8 33.Rh1 f5 34.gxf5 gxf5 35.Rh7 Bd6 36.Bh6 Rf6
37.Ke2 e4 38.Nf1 f4 39.Nd2 Kd5 40.f3 exf3+ 41.Kxf3 Bf8 42.c4+ Kc6 43.Bxf8 Ng5+
44.Kg4 Nxh7 45.Bb4 Rf7 46.Nf3 Nf6+ 47.Kxf4 Nd5+ 48.Ke4 Rf4+ 49.Ke5 Rxc4 50.Bd2 Ne7
51.Nd4+ Kd7 52.Bc3 Rc5+ 53.Ke4 Rh5 54.Kd3 Nd5 55.Bd2 Rh2 56.Bc3 Rh3+ 57.Kc4 Nxc3
58.bxc3 a6 59.a4 Rh5 60.Nb3 Kd6 61.Kb4 Rh4+ 62.c4 Kc6 63.Kc3 Rh3+ 64.Kc2 a5
65.Kb2 Kd6 66.Kc2 Rh2+ 67.Kc3 Ra2 68.c5+ bxc5 69.Nxa5 Rxa4 70.Nc4+ Kc6 71.Nd2 Ra8  0-1

[Event "JUG-ch sf"]
[Site "Kladovo"]
[Date "1994.??.??"]
[Round "?"]
[White "Ristic, Nebojsa"]
[Black "Jovanovic, Bojan"]
[Result "0-1"]
[WhiteElo "2395"]
[BlackElo "2355"]

1.e4 c5 2.c3 Nf6 3.e5 Nd5 4.d4 cxd4 5.Nf3 Nc6 6.Bc4 Nb6 7.Bb3 d6 8.exd6 Qxd6
9.O-O Be6 10.Bxe6 Qxe6 11.Nxd4 Nxd4 12.Qxd4 Rd8 13.Qh4 h5 14.h3 Qc4 15.Qxc4 Nxc4
16.b3 Ne5 17.Be3 a6 18.Re1 Nd3 19.Rd1 e5 20.Nd2 f6 21.Bb6 Rd7 22.Nc4 g6 23.Rd2 Bh6
24.Be3 Bxe3 25.Nxe3 Ke7 26.c4 Nf4 27.Rxd7+ Kxd7 28.Rd1+ Ke6 29.Kf1 h4 30.c5 Ke7
31.Rd6 Rc8 32.b4 Rc6 33.g3 hxg3 34.fxg3 Nxh3 35.Nd5+ Kf7 36.Rd8 Ng5 37.Ke2 Ke6
38.Nb6 Ne4 39.g4 Rc7 40.Ke3 f5 41.Rh8 Nf6 42.gxf5+ gxf5 43.Rd8 f4+ 44.Kd3 Rh7
45.a4 Rh3+ 46.Kc4 f3 47.Rd6+ Kf5 48.b5 axb5+ 49.axb5 Rh4+ 50.Kb3 Ne4  0-1